Jornada de la paz 1972

में बचाया:
ग्रंथसूची विवरण
मुख्य लेखक: Pablo VI (Paulo VI), Papa (autor)
स्वरूप: पुस्तक
भाषा:स्पेनिश
प्रकाशित: Ciudad del Vaticano El Vaticano 1972
विषय:
टैग: टैग जोड़ें
कोई टैग नहीं, इस रिकॉर्ड को टैग करने वाले पहले व्यक्ति बनें!

MARC

LEADER 00000nam a2200000 a 4500
001 UCR2063
003 CL-VaPUC
008 980109e19720000VC |||||||||||||||||spa|d
082 0 4 |a 262  |b PAB  |2 21 
100 |a Pablo VI  |q (Paulo VI),  |c Papa  |e autor  |9 476995 
245 1 0 |a Jornada de la paz 1972 
300 |a 250 p 
942 |c BK 
945 |d 19980109 00:00:00  |a jquezada 
260 |a Ciudad del Vaticano  |b El Vaticano  |c 1972 
650 0 |a Eclesiología   |9 366152 
650 0 |a Paz  |9 259242 
650 0 |a Guerra  |9 255876 
650 0 |a Documentos pontificios   |9 255642 
650 7 |a MENSAJES  |2 CL-VaPUC  |9 335531 
650 0 |a Doctrina social de la iglesia  |9 257333 
583 |a last modification  |c 19980109 00:00:00  |k Rodrigo Vera 
999 |c 265336  |d 265334 
952 |0 0  |1 0  |4 0  |6 262_000000000000000_PAB_1972  |7 0  |8 A  |9 296217  |a BIBTEO  |b BIBTEO  |d 2019-11-20  |i 3372340  |o 262 PAB 1972  |p 3372340  |r 2025-01-17  |w 2019-11-20  |y BK  |k ICR